LEADER 01151nam a2200289 i 4500 001 991001963869707536 005 20020507154541.0 008 000727s1993 it ||| | ita 020 $a8814040842 035 $ab11589589-39ule_inst 035 $aLE02728164$9ExL 040 $aDip.to Studi Giuridici$bita 082 0 $a338.83613323 084 $aCM-XVI/B 100 1 $aPaparella, Franco$0115662 245 13$aLa fusione delle aziende di credito /$ca cura di Franco Paparella 260 $aMilano :$bA. Giuffrè,$cc1993 300 $axii, 254 p. ;$c24 cm 490 0 $aCollana di studi. Consiglio nazionale dei ragionieri e periti commerciali ;$v5 650 4$aAziende di credito - Fusione 907 $a.b11589589$b01-03-17$c02-07-02 912 $a991001963869707536 945 $aLE025 ECO 338.8 PAP01.01$g1$i2025000151338$lle025$o-$pE15.00$q-$rl$s- $t0$u0$v0$w0$x0$y.i14225001$z20-04-06 945 $aLE027 CM-XVI/B 9$g1$iLE027CL-2288$lle027$o-$pE0.00$q-$rl$s- $t0$u0$v0$w0$x0$y.i1179897x$z02-07-02 996 $aFusione delle aziende di credito$961198 997 $aUNISALENTO 998 $ale025$ale027$b01-01-00$cm$da $e-$fita$git $h3$i2 LEADER 02456nam 2200565Ia 450 001 996197702803316 005 20230607221547.0 010 $a1-281-32089-7 010 $a9786611320898 010 $a0-470-75708-6 010 $a0-470-75684-5 035 $a(CKB)1000000000415380 035 $a(EBL)351370 035 $a(OCoLC)298437981 035 $a(SSID)ssj0000227304 035 $a(PQKBManifestationID)11947088 035 $a(PQKBTitleCode)TC0000227304 035 $a(PQKBWorkID)10264590 035 $a(PQKB)11317128 035 $a(MiAaPQ)EBC351370 035 $a(EXLCZ)991000000000415380 100 $a20000620d2001 uy 0 101 0 $aeng 135 $aur|n|---||||| 181 $2rdacontent 182 $2rdamedia 183 $2rdacarrier 200 10$aPrinciples of cell proliferation$b[electronic resource] /$fJohn K. Heath 210 $aOxford ;$aMalden, MA $cBlackwell Science$d2001 215 $a1 online resource (150 p.) 300 $aDescription based upon print version of record. 311 $a0-632-04886-7 320 $aIncludes bibliographical references (p. 131-133) and index. 327 $aPrinciples of Cell Proliferation; Contents; Preface; Abbreviations; 1 Biology of the Cell Cycle; 2 Growth Factors; 3 Receptors; 4 Intracellular Signals; 5 Gene Expression; 6 The Cell Cycle Engine; 7 Oncogenes; 8 Tumour Suppressor Genes; 9 Cell Survival; Further Reading; Index 330 $aControlled expansion of cell populations is a fundamental feature of living organisms, being a finely-tuned balance between cell proliferation and cell death. This book aims to explain the molecular mechanisms that lie behind the multiplication and survival of eukaryotic cells. This encompasses both the normal regulation of cell populations in development or physiological adaptation and pathological mechanisms of cell cycle control in cancer. Principles of Cell Proliferation progressively introduces the function of growth factors, receptors, signal transduction pathways, gene expr 606 $aCarcinogenesis 606 $aCell proliferation 615 0$aCarcinogenesis. 615 0$aCell proliferation. 676 $a571.6 676 $a571.8 676 $a571.84 700 $aHeath$b J. K$0881321 801 0$bMiAaPQ 801 1$bMiAaPQ 801 2$bMiAaPQ 906 $aBOOK 912 $a996197702803316 996 $aPrinciples of cell proliferation$91968250 997 $aUNISA LEADER 01079nas 2200373- 450 001 9910139113403321 005 20250304171655.0 011 $a2168-0248 035 $a(OCoLC)794595414 035 $a(CKB)2560000000084032 035 $a(CONSER)--2012202941 035 $a(EXLCZ)992560000000084032 100 $a20120601a20139999 s-- a 101 0 $aeng 135 $aur||||||||||| 181 $ctxt$2rdacontent 182 $cc$2rdamedia 183 $acr$2rdacarrier 200 00$aBariatric surgical practice and patient care 210 1$a[New Rochelle, NY] :$cMary Ann Liebert, Inc.,$d[2013]- 300 $aRefereed/Peer-reviewed 311 00$a2168-023X 531 0 $aBariatri. surg. pract. patient care 606 $aObesity$xSurgery$vPeriodicals 606 $aBariatric Surgery 606 $aPatient Care 615 0$aObesity$xSurgery 615 2$aBariatric Surgery. 615 2$aPatient Care. 676 $a617.43 906 $aJOURNAL 912 $a9910139113403321 996 $aBariatric surgical practice and patient care$92079291 997 $aUNINA